000 01091cam a2200277 a 4500
001 4014649
005 20180312045316.0
008 970121m19979999wiu b 001 0 eng
010 _a 97003580
020 _a0945612443 (cloth : v. 1 : alk. paper)
020 _a0945612451 (pbk. : v. 1 : alk. paper)
020 _a0742522245 (cloth : v. 2 : alk. paper)
040 _aDLC
_cDLC
_dDLC
041 _aeng
043 _an-us---
080 _a305.420973 KEE
082 0 0 _a305.420973 KEE
_221
100 _a50
101 _aSOC
245 0 0 _aPublic women, public words :
_cedited by Dawn Keetley & John Pettegrew.
504 _aIncludes bibliographical references and index.
906 _a7
_bcbc
_corignew
_d1
_eocip
_f19
_gy-gencatlg
942 _2ddc
_cBK
999 _c44679
_d44679